Zhu Zhu pets Quiz Stats

 Plays Quiz not verified by Sporcle

Also try: Groups of Four II
Challenge
Share
Tweet
Embed
Score 0/60 Timer 10:00
0 Plays Today
colour name % Correct
brownmr squiggles
70.4%
pink and whitejilly
66.3%
whitechunk
65.1%
orangenugget
64.5%
yellowpipsqueak
63.9%
greynum nums
63.9%
yellow and whitepatches
60.4%
black and whitemoo
59.8%
brownscoodles
57.4%
orangepeachy
56.8%
black and whitewinkie
56.2%
pinkpinkie
54.4%
pink, rabbitsweetie
54.4%
grey and blackrocky
53.3%
brown, hedgehogzu zu
52.7%
black, white and pinkroxie
52.7%
brown and blackcappuccino
50.9%
grey and blackspottie
50.9%
brown and whitepax
49.7%
grey, black and white, raccoonrocco
49.1%
black and white, skunkstinker
48.5%
orange and browntex
47.9%
browncaptain zhu
47.3%
greenshamrock
47.3%
grey and blackbamboo
46.7%
orange and pinkcarly
46.7%
beige and blackhank
46.2%
greykingston
46.2%
greyyo yo
45.6%
whitefluffy
45.6%
colour name % Correct
grey and whitejinx
44.4%
grey and blackdezel
41.4%
black and whiteryder
41.4%
yellow and pinkpeanut
39.6%
lilac and purplekacee
38.5%
brown and whitenutters
37.9%
purplejustice
37.3%
yellow-brown and whitebutters
37.3%
brown and yellowchewy
36.1%
black and bluestonewall
34.3%
white and bluesnickle fritz
34.3%
red and pinkbitsy
33.7%
grey and whitebaby cakes
33.7%
white and bluepumkin
33.7%
black and tanboo
33.1%
white and greysnowball
33.1%
green and whitelucky charm
33.1%
purple and pinkbutter cheeks
33.1%
orange and blackazer
32.5%
grey and blackthorn
32%
grey and bluemuffin
32%
beige and brownrock'o
30.2%
black and whiteyama
30.2%
black and whitedrayko
30.2%
greynilla
29.6%
light brownbeaver
29%
yellow and bluebaxter
29%
grey and greenduke
27.8%
brownred squirrel
27.2%
greenseargent serge
24.3%

You're not logged in!

Compare scores with friends on all Sporcle quizzes.
Join for Free
OR
Log In

You Might Also Like...

Show Comments

Extras

Created Oct 26, 2010ReportFavoriteNominate
Tags:Color Quiz, pet

Top Quizzes Today


Score Distribution

Your Account Isn't Verified!

In order to create a playlist on Sporcle, you need to verify the email address you used during registration. Go to your Sporcle Settings to finish the process.

Report this User

Report this user for behavior that violates our Community Guidelines.

Details: